[Event "C.to Italiano U14"]
[Site "Courmayeur ITA"]
[Date "2013.06.30"]
[Round "1"]
[White "Pani, Paolo"]
[Black "Moroni, Luca jr"]
[WhiteElo "1524"]
[BlackElo "2189"]
[Result "0-1"]
[PlyCount "92"]
[EventDate "2013.06.30"]

1. e4 c5 2. Nf3 d6 3. d4 cxd4 4. Nxd4 Nf6 5. Nc3 a6 6. Be2 e6 7. O-O Be7 8. Be3
Qc7 9. a3 O-O 10. Qd2 b5 11. Rad1 Bb7 12. Bd3 Nbd7 13. Kh1 Nc5 14. f3 Rfd8 15.
Nde2 Rac8 16. Ng3 d5 17. Bxc5 Bxc5 18. exd5 Nxd5 19. Nxd5 Bxd5 20. Qe2 Bd6 21.
Qf2 Be5 22. Rb1 g6 23. Rfd1 Qb8 24. c3 Ba2 25. Ra1 Bb3 26. Bc2 Bxg3 27. hxg3
Bxc2 28. Qxc2 Qxg3 29. Kg1 h5 30. Qf2 Qxf2+ 31. Kxf2 Kf8 32. Ke2 Ke7 33. Rac1
Rxd1 34. Rxd1 e5 35. Ke3 f5 36. Rd3 g5 37. Rd2 Ke6 38. Rd3 f4+ 39. Kf2 g4 40.
Ke2 gxf3+ 41. gxf3 Rg8 42. Kf2 h4 43. Rd1 h3 44. Rg1 Rxg1 45. Kxg1 e4 46. fxe4
f3 0-1

[Event "C.to Italiano U14"]
[Site "Courmayeur ITA"]
[Date "2013.06.30"]
[Round "1"]
[White "Rambaldi, Francesco"]
[Black "Rudelli, Marco"]
[WhiteElo "2340"]
[BlackElo "1542"]
[Result "1-0"]
[PlyCount "73"]
[EventDate "2013.06.30"]

1. d4 Nf6 2. c4 e6 3. Nc3 Bb4 4. g3 Bxc3+ 5. bxc3 d5 6. Bg2 O-O 7. Nf3 Nbd7 8.
O-O b6 9. cxd5 exd5 10. c4 Bb7 11. Nd2 Re8 12. Re1 Ne4 13. Qc2 Ndf6 14. cxd5
Bxd5 15. f3 Nxd2 16. Qxd2 Qd7 17. e4 Bb7 18. Bb2 Rad8 19. Rad1 c6 20. Ba1 Re7
21. a4 Ne8 22. a5 Ra8 23. Qb4 Qd6 24. Qb2 Qc7 25. Rb1 b5 26. Qc3 Rc8 27. Bb2
Nd6 28. Ba3 Ree8 29. Bh3 Rcd8 30. Bf1 Rd7 31. d5 Nc4 32. Bxc4 bxc4 33. d6 Qd8
34. Bb2 f6 35. Qxc4+ Kh8 36. Bc3 Rxd6 37. Rxb7 1-0

[Event "C.to Italiano U14"]
[Site "Courmayeur ITA"]
[Date "2013.06.30"]
[Round "1"]
[White "Reggiani, Marco"]
[Black "Carnicelli, Valerio"]
[WhiteElo "1506"]
[BlackElo "2065"]
[Result "0-1"]
[PlyCount "48"]
[EventDate "2013.06.30"]

1. e4 e5 2. Nf3 Nc6 3. Bb5 f5 4. d3 fxe4 5. dxe4 Nf6 6. Bg5 Bc5 7. O-O d6 8. h3
O-O 9. Nc3 Be6 10. Nd5 Kh8 11. Re1 Bxd5 12. Bxf6 Qxf6 13. exd5 Nd4 14. Nxd4
Bxd4 15. Rf1 Bxf2+ 16. Kh1 Qh4 17. Qe2 Rf6 18. c3 Raf8 19. Bd3 Rf3 20. Rxf2
Rxf2 21. Qe4 Qxe4 22. Bxe4 Rf1+ 23. Rxf1 Rxf1+ 24. Kh2 Rf2 0-1

[Event "C.to Italiano U14"]
[Site "Courmayeur ITA"]
[Date "2013.07.01"]
[Round "2"]
[White "Carnicelli, Valerio"]
[Black "Landi, Alberto"]
[WhiteElo "2065"]
[BlackElo "1642"]
[Result "1-0"]
[PlyCount "113"]
[EventDate "2013.06.30"]

1. e4 Nf6 2. e5 Nd5 3. d4 d6 4. c4 Nb6 5. exd6 cxd6 6. Nc3 g6 7. h3 Bg7 8. Nf3
O-O 9. Be2 Nc6 10. O-O Bf5 11. Be3 Rc8 12. b3 Re8 13. Rc1 d5 14. c5 Na8 15. Bd3
Bxd3 16. Qxd3 Qd7 17. a3 b6 18. Rfd1 bxc5 19. dxc5 d4 20. Ne4 Nc7 21. Nxd4 Nxd4
22. Bxd4 Red8 23. Bxg7 Qxd3 24. Rxd3 Rxd3 25. Be5 f6 26. Bg3 Ne6 27. b4 Rxa3
28. f3 f5 29. Nd2 Nd4 30. Kf1 Nb3 31. Nxb3 Rxb3 32. Rc4 Rc6 33. Be5 Kf7 34. Ke2
Ke6 35. Bc3 a6 36. Kd3 Rb1 37. Rh4 h5 38. Kc4 Rc8 39. Rd4 Rg1 40. Rd2 Kf7 41.
Ra2 Rc6 42. Kd5 Re6 43. Rc2 Rd1+ 44. Bd4 h4 45. Rc4 g5 46. c6 Rd6+ 47. Kc5 Ke8
48. Bc3 R1d5+ 49. Kb6 Kd8 50. Kxa6 Re6 51. b5 Kc8 52. b6 Kb8 53. b7 Rdd6 54.
Kb6 Rd1 55. Be5+ Rdd6 56. Bxd6+ Rxd6 57. Ra4 1-0

[Event "C.to Italiano U14"]
[Site "Courmayeur ITA"]
[Date "2013.07.01"]
[Round "2"]
[White "Confalonieri, Luca"]
[Black "Rambaldi, Francesco"]
[WhiteElo "1694"]
[BlackElo "2340"]
[Result "0-1"]
[PlyCount "57"]
[EventDate "2013.06.30"]

1. e4 c5 2. Nf3 e6 3. d4 cxd4 4. Nxd4 a6 5. Nc3 Qc7 6. Bd3 Bc5 7. Be3 Nf6 8.
O-O b5 9. Kh1 Bb7 10. a3 Qb6 11. e5 Bxd4 12. exf6 gxf6 13. Re1 Bxe3 14. Rxe3
Qd4 15. Be4 Qxd1+ 16. Rxd1 Nc6 17. Bf3 f5 18. Nd5 O-O-O 19. Nf6 h5 20. Red3 d5
21. Nxh5 Ne5 22. Rc3+ Kb8 23. Be2 Rh6 24. Nf4 d4 25. Rg3 Rh4 26. Nd3 Rdh8 27.
h3 f4 28. Rg7 Rxh3+ 29. Kg1 0-1

[Event "C.to Italiano U14"]
[Site "Courmayeur ITA"]
[Date "2013.07.01"]
[Round "2"]
[White "Moroni, Luca jr"]
[Black "De Paolis, Diego"]
[WhiteElo "2189"]
[BlackElo "1660"]
[Result "1-0"]
[PlyCount "97"]
[EventDate "2013.06.30"]

1. e4 e5 2. Nf3 Nc6 3. d4 exd4 4. Bc4 Bc5 5. c3 Qe7 6. O-O dxc3 7. Nxc3 d6 8.
Bg5 Nf6 9. Nd5 Qd8 10. e5 dxe5 11. Nxe5 Nxe5 12. Nxf6+ gxf6 13. Qxd8+ Kxd8 14.
Bxf6+ Be7 15. Rad1+ Ke8 16. Bxe5 Rg8 17. Bxc7 Bh3 18. Bg3 Be6 19. Bxe6 fxe6 20.
Rfe1 Rg6 21. Rc1 Rd8 22. Rc7 Rd7 23. Rec1 Bd8 24. Rxd7 Kxd7 25. Kf1 Rg4 26. b3
Re4 27. f3 Re3 28. Bf4 Rd3 29. Ke2 Rd5 30. g4 Ra5 31. Rc2 e5 32. Bd2 Ra6 33.
Be3 Bc7 34. Kd3 Rf6 35. Ke4 Ra6 36. h4 Bd8 37. h5 Rf6 38. Rd2+ Rd6 39. Kxe5
Rxd2 40. Bxd2 Be7 41. f4 Bf8 42. Kf6 Ke8 43. g5 a6 44. g6 hxg6 45. hxg6 Bc5 46.
g7 Bd4+ 47. Kg6 Bxg7 48. Kxg7 Ke7 49. f5 1-0

[Event "C.to Italiano U14"]
[Site "Courmayeur ITA"]
[Date "2013.07.01"]
[Round "2"]
[White "Simonetto, Andrea"]
[Black "Lodici, Lorenzo"]
[WhiteElo "1661"]
[BlackElo "2088"]
[Result "0-1"]
[PlyCount "56"]
[EventDate "2013.06.30"]

1. d4 Nf6 2. c4 e5 3. dxe5 Ng4 4. Nf3 Bc5 5. e3 Nc6 6. a3 a5 7. Nc3 O-O 8. Be2
Ngxe5 9. O-O Re8 10. b3 Nxf3+ 11. Bxf3 Ne5 12. Bb2 Nxf3+ 13. Qxf3 Ra6 14. Nd5
Bd6 15. Qf5 Re6 16. h3 Rh6 17. Rfd1 Bf8 18. Rd4 d6 19. Qf3 c6 20. Nf4 Qg5 21.
Kf1 Rb6 22. e4 Be6 23. Rad1 Rf6 24. Bc1 Qc5 25. Qe3 Rxf4 26. Qxf4 Rxb3 27. h4
Bxc4+ 28. Kg1 Be2 0-1

[Event "C.to Italiano U14"]
[Site "Courmayeur ITA"]
[Date "2013.07.01"]
[Round "3"]
[White "Bisi, Riccardo"]
[Black "Moroni, Luca jr"]
[WhiteElo "1714"]
[BlackElo "2189"]
[Result "0-1"]
[PlyCount "92"]
[EventDate "2013.06.30"]

1. e4 c5 2. Nf3 d6 3. d4 cxd4 4. Nxd4 Nf6 5. Nc3 a6 6. Be3 e6 7. f3 b5 8. Qd2
Bb7 9. O-O-O Nbd7 10. g4 Nb6 11. g5 Nfd7 12. h4 Ne5 13. Qf2 Nec4 14. Bxc4 Nxc4
15. h5 Qc7 16. g6 O-O-O 17. gxf7 Qxf7 18. Nb3 Be7 19. Kb1 Rhf8 20. Rdf1 Bf6 21.
Bd4 Kb8 22. Nd2 Bxd4 23. Qxd4 e5 24. Qd3 Nxd2+ 25. Qxd2 Qf4 26. Qd3 Rd7 27. Ne2
Qh6 28. Nc3 Rdf7 29. Rh3 Rf6 30. Nd5 Bxd5 31. Qxd5 R8f7 32. a3 g5 33. Rg1 Ka7
34. Rgg3 Rf4 35. Qd2 Qe6 36. Qg2 h6 37. Rg4 Rxg4 38. fxg4 Rf4 39. Rg3 Qf7 40.
b3 Kb7 41. Kb2 Rf2 42. Qg1 Rf1 43. Qe3 Qf4 44. Qd3 Qc1+ 45. Kc3 Qe1+ 46. Qd2
Qxg3+ 0-1

[Event "C.to Italiano U14"]
[Site "Courmayeur ITA"]
[Date "2013.07.01"]
[Round "3"]
[White "Lodici, Lorenzo"]
[Black "Arnaudo, Davide"]
[WhiteElo "2088"]
[BlackElo "1694"]
[Result "1-0"]
[PlyCount "87"]
[EventDate "2013.06.30"]

1. d4 Nf6 2. c4 g6 3. Nc3 d5 4. cxd5 Nxd5 5. Na4 Bg7 6. e4 Nb6 7. Nf3 O-O 8.
Be3 Nxa4 9. Qxa4 c6 10. Be2 Nd7 11. O-O Nb6 12. Qc2 Be6 13. Rfd1 Rc8 14. a4 a5
15. Ng5 Qd7 16. Qc5 Bb3 17. Qxb6 Bxd1 18. Rxd1 Qc7 19. Qxc7 Rxc7 20. b3 h6 21.
Nf3 Rd7 22. Kf1 Rfd8 23. d5 Ra8 24. dxc6 Rxd1+ 25. Bxd1 bxc6 26. Ke2 Kh7 27.
Kd3 Rd8+ 28. Kc2 g5 29. Bb6 Ra8 30. Nd2 c5 31. Nc4 Bd4 32. e5 Bxf2 33. Bf3 Rc8
34. Nxa5 Rb8 35. Nb7 Rc8 36. Kc3 Bd4+ 37. Kc4 Bxe5 38. h3 Bf4 39. Be4+ Kg7 40.
Nxc5 Be3 41. a5 Bxc5 42. Bxc5 Rd8 43. a6 Rd1 44. a7 1-0

[Event "C.to Italiano U14"]
[Site "Courmayeur ITA"]
[Date "2013.07.01"]
[Round "3"]
[White "Rambaldi, Francesco"]
[Black "Degli Esposti, Eugenio"]
[WhiteElo "2340"]
[BlackElo "1708"]
[Result "1-0"]
[PlyCount "93"]
[EventDate "2013.06.30"]

1. e4 c5 2. Nf3 d6 3. Bb5+ Bd7 4. Bxd7+ Qxd7 5. O-O Nc6 6. Qe2 g6 7. c3 Bg7 8.
Rd1 e6 9. d4 cxd4 10. cxd4 Nge7 11. Nc3 d5 12. Bf4 O-O 13. Ne5 Qe8 14. Rac1 a6
15. Nxc6 Nxc6 16. Bd6 Nxd4 17. Qe3 dxe4 18. Rxd4 Bxd4 19. Qxd4 f5 20. Bxf8 Qxf8
21. Qe5 Qe8 22. Ne2 Rc8 23. Rd1 Rd8 24. Rxd8 Qxd8 25. Qxe6+ Kf8 26. Nc3 Qd2 27.
Qc8+ Kg7 28. Qxb7+ Kh6 29. Qxa6 Qxb2 30. Nd1 Qb1 31. Qe2 f4 32. Qd2 Kg7 33.
Qb2+ Qxb2 34. Nxb2 Kf7 35. a4 Ke7 36. Nc4 Kd7 37. Nd2 e3 38. fxe3 fxe3 39. Nc4
Kc6 40. Nxe3 Kc5 41. a5 Kb5 42. Nc4 Kxc4 43. a6 Kd5 44. a7 Ke6 45. Kf2 Kf7 46.
g4 Kg7 47. g5 1-0

[Event "C.to Italiano U14"]
[Site "Courmayeur ITA"]
[Date "2013.07.01"]
[Round "3"]
[White "Romagnoli, Thomas"]
[Black "Carnicelli, Valerio"]
[WhiteElo "1711"]
[BlackElo "2065"]
[Result "1/2-1/2"]
[PlyCount "67"]
[EventDate "2013.06.30"]

1. e4 e5 2. Nf3 Nc6 3. Bc4 Bc5 4. Nc3 d6 5. d3 Nf6 6. Bg5 h6 7. Bxf6 Qxf6 8.
Nd5 Qg6 9. Nh4 Qg5 10. Nxc7+ Kd8 11. Nxa8 Qxh4 12. Qf3 f5 13. Qg3 Qxg3 14. hxg3
b6 15. c3 d5 16. Bxd5 Ne7 17. b4 Bd6 18. a4 Nxd5 19. exd5 Bb7 20. Nxb6 axb6 21.
a5 b5 22. O-O Bxd5 23. Rfc1 Kd7 24. c4 Bc6 25. a6 Ra8 26. a7 bxc4 27. Rxc4 Bd5
28. Rcc1 Bxb4 29. Rcb1 Bd6 30. Rb6 Ke7 31. Rb5 Bc6 32. Rb6 Bd7 33. Rb7 Bc5 34.
Ra5 1/2-1/2

[Event "C.to Italiano U14"]
[Site "Courmayeur ITA"]
[Date "2013.07.02"]
[Round "4"]
[White "Camana, Filippo"]
[Black "Yao, Stefano"]
[WhiteElo "1599"]
[BlackElo "1960"]
[Result "0-1"]
[PlyCount "74"]
[EventDate "2013.06.30"]

1. e4 c5 2. Nc3 Nc6 3. g3 g6 4. Bg2 Bg7 5. d3 d6 6. f4 e6 7. Be3 Nge7 8. Nf3
Nd4 9. O-O O-O 10. Bxd4 cxd4 11. Ne2 Qb6 12. Rb1 d5 13. Kh1 dxe4 14. dxe4 Rd8
15. Qd2 Nc6 16. Rfd1 e5 17. fxe5 Nxe5 18. Nfxd4 Bg4 19. c3 Nf3 20. Qf4 Nxd4 21.
Qxg4 h5 22. Qg5 Nxe2 23. Re1 Bf6 24. Qh6 Qc5 25. b4 Qe5 26. Qe3 Nxc3 27. Rbc1
Qd4 28. e5 Qxe3 29. Rxe3 Nxa2 30. Ra1 Bg5 31. Rb3 Nc1 32. Rf3 Rd1+ 33. Bf1 Re1
34. h4 Bh6 35. Kg2 Nd3 36. Ra5 Nxe5 37. Rf2 Ng4 0-1

[Event "C.to Italiano U14"]
[Site "Courmayeur ITA"]
[Date "2013.07.02"]
[Round "4"]
[White "Cao, Carlo"]
[Black "Lodici, Lorenzo"]
[WhiteElo "1706"]
[BlackElo "2088"]
[Result "0-1"]
[PlyCount "56"]
[EventDate "2013.06.30"]

1. e4 d5 2. exd5 Nf6 3. Bb5+ Bd7 4. Be2 Nxd5 5. d4 e6 6. Nf3 c5 7. c4 Nf6 8.
O-O Ne4 9. Qc2 Nf6 10. Rd1 cxd4 11. Nxd4 Qb6 12. Be3 Bc5 13. Nc3 O-O 14. Bf3 e5
15. b4 Bxd4 16. c5 Qc7 17. Bxd4 exd4 18. Rxd4 Bc6 19. Be2 a6 20. Rad1 b6 21.
cxb6 Qxb6 22. a3 Nbd7 23. Rd6 Qb7 24. Rxc6 Qxc6 25. Bf3 Qc4 26. Bxa8 Rxa8 27.
Qb2 h6 28. h3 Nb6 0-1

[Event "C.to Italiano U14"]
[Site "Courmayeur ITA"]
[Date "2013.07.02"]
[Round "4"]
[White "Moroni, Luca jr"]
[Black "Seresin, Francesco"]
[WhiteElo "2189"]
[BlackElo "1729"]
[Result "1-0"]
[PlyCount "79"]
[EventDate "2013.06.30"]

1. e4 c6 2. d4 d5 3. exd5 cxd5 4. Bd3 Nc6 5. c3 Nf6 6. Bf4 Bg4 7. Ne2 e6 8. O-O
Be7 9. Nd2 O-O 10. Bg3 Rc8 11. f3 Bh5 12. Nf4 Na5 13. Qb1 h6 14. Re1 Bd6 15.
Qd1 a6 16. Qe2 b5 17. Nxe6 Bxg3 18. Nxd8 Bxe1 19. Rxe1 Rcxd8 20. b4 Nc4 21. Nb3
Rfe8 22. Qf2 Bg6 23. Bf1 Ne3 24. Nc5 Nxf1 25. Kxf1 Bh7 26. Qd2 Nh5 27. Rxe8+
Rxe8 28. g4 Nf6 29. Nxa6 Rc8 30. Nc5 Bb1 31. Qb2 Bg6 32. Kf2 h5 33. h3 hxg4 34.
hxg4 Ne8 35. Qe2 Nd6 36. Qe5 Nc4 37. Qxd5 Bb1 38. a4 bxa4 39. Qxc4 a3 40. Qa6
1-0

[Event "C.to Italiano U14"]
[Site "Courmayeur ITA"]
[Date "2013.07.02"]
[Round "4"]
[White "Podetti, Davide"]
[Black "Rambaldi, Francesco"]
[WhiteElo "1743"]
[BlackElo "2340"]
[Result "0-1"]
[PlyCount "94"]
[EventDate "2013.06.30"]

1. e4 c6 2. d4 d5 3. Nc3 dxe4 4. Nxe4 Nd7 5. Nf3 Ngf6 6. Nxf6+ Nxf6 7. Bd3 Bg4
8. c3 e6 9. Bf4 Bd6 10. Qd2 Bxf3 11. gxf3 Qc7 12. Bxd6 Qxd6 13. O-O-O g6 14.
Be4 O-O-O 15. Qg5 Nd5 16. Bxd5 Qxd5 17. Qxd5 Rxd5 18. Kd2 Rhd8 19. h4 h5 20. f4
Ra5 21. a3 c5 22. b4 cxb4 23. axb4 Ra2+ 24. Ke3 Rd6 25. b5 a6 26. c4 axb5 27.
cxb5 Kc7 28. Ra1 Rxa1 29. Rxa1 Kb6 30. Rc1 Rd5 31. Rc8 Rxb5 32. Rf8 Rf5 33. Rc8
Kb5 34. Rb8 b6 35. Ke4 Ka5 36. Ra8+ Kb4 37. Rb8 b5 38. Rb7 Kb3 39. f3 b4 40.
Ke3 Kc3 41. Ke4 b3 42. Ke3 Kc2 43. Ke4 b2 44. Rc7+ Kd2 45. Rb7 Kc1 46. Rc7+ Kb1
47. Rb7 Ra5 0-1

[Event "C.to Italiano U14"]
[Site "Courmayeur ITA"]
[Date "2013.07.03"]
[Round "5"]
[White "Bernardini, Tommaso"]
[Black "Carnicelli, Valerio"]
[WhiteElo "1783"]
[BlackElo "2065"]
[Result "0-1"]
[PlyCount "68"]
[EventDate "2013.06.30"]

1. d4 d5 2. Nc3 Nf6 3. Bg5 g6 4. Nf3 Bg7 5. e3 h6 6. Bf4 c6 7. Bd3 O-O 8. h3
Re8 9. O-O Nbd7 10. Re1 b6 11. a3 Bb7 12. Rb1 Rc8 13. Na2 c5 14. c3 Ne4 15. Nd2
Nxd2 16. Qxd2 e5 17. dxe5 Nxe5 18. Nc1 Qd7 19. Bf1 Qc6 20. Bxe5 Rxe5 21. Nd3
Re7 22. Nf4 Rd8 23. Qc2 Be5 24. Nd3 Bb8 25. f4 Rde8 26. Qf2 Bc8 27. Rbc1 a5 28.
b3 b5 29. Nb2 c4 30. bxc4 bxc4 31. g3 Ba7 32. Nd1 Bc5 33. Rb1 Bf5 34. Ra1 Qb6
0-1

[Event "C.to Italiano U14"]
[Site "Courmayeur ITA"]
[Date "2013.07.03"]
[Round "5"]
[White "Manfroi, Andrea"]
[Black "Ferraro, Federico"]
[WhiteElo "1877"]
[BlackElo "1578"]
[Result "1-0"]
[PlyCount "77"]
[EventDate "2013.06.30"]

1. e4 e6 2. d4 d5 3. Nc3 Nf6 4. e5 Nfd7 5. Nf3 c5 6. dxc5 Bxc5 7. Bd3 a6 8. O-O
Nc6 9. Bf4 Qc7 10. Qe2 Nd4 11. Nxd4 Bxd4 12. Qg4 Bxe5 13. Bxe5 Qxe5 14. Rfe1
Qd6 15. Qxg7 Qf8 16. Qg5 Nb6 17. Nxd5 Nxd5 18. Qxd5 Qe7 19. Qe5 f6 20. Qh5+ Qf7
21. Qxf7+ Kxf7 22. Rad1 e5 23. Bc4+ Kg7 24. c3 Bf5 25. Rd6 Rhd8 26. Red1 Rxd6
27. Rxd6 Rc8 28. Bb3 Kg6 29. Kf1 Be4 30. g3 Bc6 31. Ke2 h6 32. Ke3 Re8 33. Bd5
Rc8 34. Bxc6 Rxc6 35. Rxc6 bxc6 36. Ke4 Kg5 37. f3 h5 38. b4 h4 39. gxh4+ 1-0

[Event "C.to Italiano U14"]
[Site "Courmayeur ITA"]
[Date "2013.07.03"]
[Round "5"]
[White "Rambaldi, Francesco"]
[Black "Lodici, Lorenzo"]
[WhiteElo "2340"]
[BlackElo "2088"]
[Result "1/2-1/2"]
[PlyCount "149"]
[EventDate "2013.06.30"]

1. d4 d5 2. c4 dxc4 3. e3 e5 4. Bxc4 Nc6 5. d5 Nce7 6. Nc3 a6 7. e4 Ng6 8. Be3
Nf6 9. f3 Bd6 10. Nge2 Nh5 11. Qd2 Nhf4 12. Ng1 Qe7 13. Bf1 Bd7 14. g3 Nh5 15.
Bg2 h6 16. Nge2 Nf6 17. O-O O-O 18. Nc1 b5 19. Nb3 b4 20. Ne2 Bb5 21. Rfc1 a5
22. Nc5 Rfb8 23. a4 bxa3 24. Rxa3 Nd7 25. Rac3 Ngf8 26. Bh3 Nxc5 27. Bxc5 Nd7
28. Ba3 Qd8 29. Bf1 Nb6 30. Kg2 Bd7 31. Ng1 Na4 32. R3c2 Rb6 33. Bd3 Rab8 34.
Qxa5 Nxb2 35. Bxb2 Rxb2 36. Ne2 Qg5 37. Rxb2 Rxb2 38. Qc3 Rb8 39. Rb1 Rxb1 40.
Bxb1 Qd8 41. Bd3 Qb8 42. Nc1 Qb4 43. Qxb4 Bxb4 44. Bc4 Kf8 45. Nd3 Bd6 46. Ba6
c6 47. dxc6 Bxc6 48. Bc4 Ke7 49. Ne1 g6 50. Nc2 Bc5 51. Bd3 Ba4 52. Ne1 Bb4 53.
Bc2 Bxe1 54. Bxa4 f5 55. Kf1 Bd2 56. Ke2 Bc1 57. Kd3 Kf6 58. exf5 gxf5 59. Be8
Ba3 60. Ke3 Bc5+ 61. Ke2 Kg5 62. Bc6 Bg1 63. Kf1 Bc5 64. Ke2 Bg1 65. h4+ Kf6
66. Kf1 Be3 67. Kg2 Bc1 68. Kh3 Bd2 69. g4 fxg4+ 70. fxg4 Bc1 71. Be4 Bd2 72.
Kg2 Be3 73. Kf3 Bd2 74. Ke2 Bc1 75. Kf3 1/2-1/2

[Event "C.to Italiano U14"]
[Site "Courmayeur ITA"]
[Date "2013.07.03"]
[Round "5"]
[White "Yao, Stefano"]
[Black "Moroni, Luca jr"]
[WhiteElo "1960"]
[BlackElo "2189"]
[Result "0-1"]
[PlyCount "70"]
[EventDate "2013.06.30"]

1. Nf3 d5 2. d4 Nf6 3. c4 e6 4. g3 dxc4 5. Bg2 a6 6. O-O Be7 7. Qc2 b5 8. a4
Bb7 9. b3 cxb3 10. Qxb3 b4 11. Rd1 O-O 12. a5 Nbd7 13. Ne5 Bxg2 14. Kxg2 c5 15.
Bb2 Qc7 16. Nxd7 Nxd7 17. Nd2 Rac8 18. dxc5 Nxc5 19. Qf3 Rfd8 20. h4 Bf8 21. h5
Qb7 22. h6 Qxf3+ 23. Nxf3 Nb3 24. hxg7 Be7 25. Rxd8+ Rxd8 26. Rb1 Rc8 27. Rd1
Rd8 28. Rb1 Rc8 29. Rd1 Nxa5 30. Rd7 Nc6 31. Nd4 Nxd4 32. Rxe7 Nc6 33. Rb7 a5
34. f4 a4 35. g4 a3 0-1

[Event "C.to Italiano U14"]
[Site "Courmayeur ITA"]
[Date "2013.07.03"]
[Round "6"]
[White "Camana, Filippo"]
[Black "Fox, Jonas"]
[WhiteElo "1599"]
[BlackElo "1817"]
[Result "0-1"]
[PlyCount "58"]
[EventDate "2013.06.30"]

1. e4 e6 2. d4 d5 3. e5 c5 4. c3 Nc6 5. Nf3 Qb6 6. Be2 Nh6 7. b3 cxd4 8. cxd4
Nf5 9. Bb2 Bb4+ 10. Kf1 Bd7 11. a3 Be7 12. b4 O-O 13. h4 Nh6 14. Nc3 f6 15. Na4
Qd8 16. exf6 Bxf6 17. Nc5 b6 18. Nb3 Ng4 19. Qd2 Ne7 20. Rc1 Nf5 21. g3 Nd6 22.
Kg2 Nxf2 23. Rhf1 Nfe4 24. Qe1 Nf5 25. g4 Ne3+ 26. Kg1 Nxf1 27. Bxf1 Qb8 28.
Kg2 Qf4 29. Rc2 Qxg4+ 0-1

[Event "C.to Italiano U14"]
[Site "Courmayeur ITA"]
[Date "2013.07.03"]
[Round "6"]
[White "Carnicelli, Valerio"]
[Black "Yao, Stefano"]
[WhiteElo "2065"]
[BlackElo "1960"]
[Result "0-1"]
[PlyCount "66"]
[EventDate "2013.06.30"]

1. e4 c5 2. Nf3 e6 3. d4 cxd4 4. Nxd4 a6 5. Bd3 Qc7 6. c4 Nf6 7. O-O d6 8. Nc3
Be7 9. Be3 O-O 10. f4 Nbd7 11. Rc1 b6 12. Qf3 Bb7 13. Bb1 Rac8 14. Qh3 Rfd8 15.
Nxe6 fxe6 16. Qxe6+ Kf8 17. Nd5 Bxd5 18. cxd5 Qb7 19. g4 Rxc1 20. Rxc1 Nc5 21.
Bxc5 bxc5 22. b3 Qc8 23. Qxc8 Rxc8 24. h3 Nd7 25. Bd3 Ra8 26. Kf2 g5 27. fxg5
Ne5 28. Be2 Bxg5 29. Rf1 Ke7 30. Kg3 Ng6 31. Rf5 Bh4+ 32. Kf3 h6 33. Ke3 Bg5+
0-1

[Event "C.to Italiano U14"]
[Site "Courmayeur ITA"]
[Date "2013.07.03"]
[Round "6"]
[White "Lodici, Lorenzo"]
[Black "Manfroi, Andrea"]
[WhiteElo "2088"]
[BlackElo "1877"]
[Result "1-0"]
[PlyCount "77"]
[EventDate "2013.06.30"]

1. d4 d5 2. c4 e6 3. Nc3 Nf6 4. cxd5 exd5 5. Bg5 Be7 6. e3 c6 7. Qc2 Nbd7 8.
Bd3 O-O 9. Nge2 Re8 10. O-O Nf8 11. f3 g6 12. Kh1 Ne6 13. Bh4 Ng7 14. e4 dxe4
15. fxe4 Ne6 16. Bf2 Ng4 17. Bg1 Bg5 18. Rf3 Bf6 19. h3 Nh6 20. e5 Bg7 21. Ne4
Nf5 22. Rd1 Ng5 23. Nxg5 Qxg5 24. g4 Nh6 25. Rdf1 Qh4 26. Kg2 Be6 27. Nf4 Qd8
28. Nxe6 Rxe6 29. Be3 Kh8 30. Bc4 Re8 31. Qd2 Ng8 32. Bxf7 Rf8 33. Bg5 Qc7 34.
h4 Ne7 35. h5 gxh5 36. gxh5 Rfd8 37. Qf4 Nd5 38. Bxd5 cxd5 39. Bxd8 1-0

[Event "C.to Italiano U14"]
[Site "Courmayeur ITA"]
[Date "2013.07.03"]
[Round "6"]
[White "Moroni, Luca jr"]
[Black "Rambaldi, Francesco"]
[WhiteElo "2189"]
[BlackElo "2340"]
[Result "0-1"]
[PlyCount "66"]
[EventDate "2013.06.30"]

1. Nf3 d5 2. c4 d4 3. b4 f6 4. e3 e5 5. c5 a5 6. Bb5+ c6 7. Bc4 axb4 8. Qb3 Nh6
9. Qxb4 b5 10. Bb3 Na6 11. Qa3 Bf5 12. Qb2 Nxc5 13. Bc2 Nd3+ 14. Bxd3 Bxd3 15.
Qb3 Bc4 16. Qc2 d3 17. Qd1 Rxa2 18. Rxa2 Bxa2 19. Nc3 Bc4 20. O-O Be7 21. Bb2
O-O 22. Qa1 Qa8 23. Rc1 Nf7 24. Ne1 Nd6 25. Ba3 Rb8 26. Bxd6 Bxd6 27. f3 Bb4
28. Qb1 Ba3 29. Rd1 Rd8 30. Ne4 Qa4 31. Qa1 Bb2 32. Qb1 Qa3 33. Nf2 Ba2 0-1

[Event "C.to Italiano U14"]
[Site "Courmayeur ITA"]
[Date "2013.07.04"]
[Round "7"]
[White "Carnicelli, Valerio"]
[Black "Moroni, Luca jr"]
[WhiteElo "2065"]
[BlackElo "2189"]
[Result "0-1"]
[PlyCount "58"]
[EventDate "2013.06.30"]

1. e4 c5 2. Nf3 d6 3. d4 Nf6 4. Nc3 cxd4 5. Nxd4 a6 6. f3 e6 7. Be3 b5 8. Qd2
Bb7 9. O-O-O Nbd7 10. g4 Nb6 11. Bd3 Nfd7 12. Qg2 Rc8 13. Kb1 Rxc3 14. bxc3 Qc7
15. Ne2 d5 16. Kc1 Ba3+ 17. Kd2 O-O 18. Ng3 Rc8 19. Ke2 Qxc3 20. Qh3 g6 21. Kf2
Bc5 22. Bxc5 Nxc5 23. Ne2 Qf6 24. e5 Qxe5 25. Rhf1 Nxd3+ 26. cxd3 Rc2 27. Rfe1
d4 28. Rc1 Qe3+ 29. Kf1 Rxe2 0-1

[Event "C.to Italiano U14"]
[Site "Courmayeur ITA"]
[Date "2013.07.04"]
[Round "7"]
[White "Fox, Jonas"]
[Black "Lodici, Lorenzo"]
[WhiteElo "1817"]
[BlackElo "2088"]
[Result "1/2-1/2"]
[PlyCount "53"]
[EventDate "2013.06.30"]

1. e4 c5 2. Nc3 a6 3. f4 b5 4. Nf3 e6 5. Qe2 Bb7 6. d3 Be7 7. g3 d5 8. Bg2 Nf6
9. e5 Nfd7 10. O-O g6 11. g4 h5 12. h3 hxg4 13. hxg4 Nf8 14. Bd2 Nc6 15. g5 Nd7
16. Be1 Kf8 17. Bf2 Kg7 18. Nh2 Nb6 19. Ng4 Qc7 20. Bf3 Rac8 21. Rac1 c4 22. d4
Bb4 23. Nd1 c3 24. b3 Ne7 25. Nde3 Nf5 26. Nxf5+ gxf5 27. Nf6 1/2-1/2

[Event "C.to Italiano U14"]
[Site "Courmayeur ITA"]
[Date "2013.07.04"]
[Round "7"]
[White "Manfroi, Andrea"]
[Black "Bria, Simone"]
[WhiteElo "1877"]
[BlackElo "1703"]
[Result "1-0"]
[PlyCount "71"]
[EventDate "2013.06.30"]

1. e4 c5 2. Nf3 d6 3. d4 cxd4 4. Qxd4 Nc6 5. Bb5 Bd7 6. Bxc6 Bxc6 7. c4 Nf6 8.
Nc3 g6 9. O-O Bg7 10. Re1 O-O 11. Qd2 Rc8 12. Rb1 b6 13. b3 Kh8 14. Bb2 Nh5 15.
Nd4 Bb7 16. Rbd1 Qd7 17. Ncb5 a6 18. Nc3 f5 19. exf5 gxf5 20. Ne6 Rg8 21. Nd5
Bf6 22. Bxf6+ Nxf6 23. Nef4 Nxd5 24. Nxd5 e5 25. f3 Qg7 26. Nxb6 Bxf3 27. Nxc8
Bxg2 28. Kf2 Qg4 29. Rg1 Qf3+ 30. Ke1 Rg4 31. Nxd6 Rd4 32. Nf7+ Kg7 33. Qxg2+
Qxg2 34. Rxg2+ Kxf7 35. Rxd4 exd4 36. Rd2 1-0

[Event "C.to Italiano U14"]
[Site "Courmayeur ITA"]
[Date "2013.07.04"]
[Round "7"]
[White "Rambaldi, Francesco"]
[Black "Yao, Stefano"]
[WhiteElo "2340"]
[BlackElo "1960"]
[Result "1-0"]
[PlyCount "81"]
[EventDate "2013.06.30"]

1. Nf3 Nf6 2. c4 c5 3. Nc3 b6 4. d4 cxd4 5. Nxd4 Bb7 6. f3 e6 7. e4 d6 8. Be3
a6 9. Be2 Be7 10. O-O O-O 11. Qd2 Nbd7 12. Rac1 Rc8 13. a3 Qc7 14. b4 Qb8 15.
Rfd1 Bd8 16. Kh1 Bc7 17. b5 a5 18. Nc6 Qa8 19. Ne7+ Kh8 20. Nxc8 Rxc8 21. Na4
Qb8 22. Bf4 e5 23. Be3 Nc5 24. Nxc5 dxc5 25. Qe1 Rf8 26. Qh4 Ng8 27. Rf1 Nf6
28. Rcd1 Re8 29. Bc1 Ng8 30. Rd7 f6 31. Rdd1 Ne7 32. Qf2 Ng6 33. Bd3 Nf4 34.
Bxf4 exf4 35. e5 Rxe5 36. Rfe1 Kg8 37. Qh4 h6 38. Rxe5 Bxe5 39. Qg4 g5 40. Qe6+
Kg7 41. Qe7+ 1-0

[Event "C.to Italiano U14"]
[Site "Courmayeur ITA"]
[Date "2013.07.05"]
[Round "8"]
[White "Favilli, Edoardo"]
[Black "Fox, Jonas"]
[WhiteElo "1764"]
[BlackElo "1817"]
[Result "1/2-1/2"]
[PlyCount "50"]
[EventDate "2013.06.30"]

1. e4 e6 2. c4 d5 3. cxd5 exd5 4. exd5 Nf6 5. Bb5+ Bd7 6. Bc4 Bd6 7. Nf3 O-O 8.
O-O Bg4 9. d4 h6 10. h3 Bh5 11. Nc3 Nbd7 12. Be3 Nb6 13. Be2 Nbxd5 14. Nxd5
Nxd5 15. Nd2 Bg6 16. Nc4 Re8 17. Bf3 c6 18. Bxd5 cxd5 19. Nxd6 Qxd6 20. Qd2
Rac8 21. Rac1 Be4 22. Bf4 Qa6 23. a3 Qb6 24. Rfe1 Qg6 25. Bg3 h5 1/2-1/2